<?xml version="1.0" encoding="UTF-8"?><?xml-stylesheet type="text/xsl" href="static/style.xsl"?><OAI-PMH xmlns="http://www.openarchives.org/OAI/2.0/" xmlns:xsi="http://www.w3.org/2001/XMLSchema-instance" xsi:schemaLocation="http://www.openarchives.org/OAI/2.0/ http://www.openarchives.org/OAI/2.0/OAI-PMH.xsd"><responseDate>2026-06-02T00:41:57Z</responseDate><request verb="GetRecord" identifier="oai:riuma.uma.es:10630/16494" metadataPrefix="marc">https://riuma.uma.es/rest/oai/request</request><GetRecord><record><header><identifier>oai:riuma.uma.es:10630/16494</identifier><datestamp>2026-02-03T12:07:20Z</datestamp><setSpec>com_10630_2254</setSpec><setSpec>col_10630_37959</setSpec></header><metadata><record xmlns="http://www.loc.gov/MARC21/slim" xmlns:dcterms="http://purl.org/dc/terms/" xmlns:doc="http://www.lyncode.com/xoai" xmlns:xsi="http://www.w3.org/2001/XMLSchema-instance" xsi:schemaLocation="http://www.loc.gov/MARC21/slim http://www.loc.gov/standards/marcxml/schema/MARC21slim.xsd">
   <leader>00925njm 22002777a 4500</leader>
   <datafield ind2=" " ind1=" " tag="042">
      <subfield code="a">dc</subfield>
   </datafield>
   <datafield ind2=" " ind1=" " tag="720">
      <subfield code="a">García-Vilas, Javier A.</subfield>
      <subfield code="e">author</subfield>
   </datafield>
   <datafield ind2=" " ind1=" " tag="260">
      <subfield code="c">2018-09-19</subfield>
   </datafield>
   <datafield ind2=" " ind1=" " tag="520">
      <subfield code="a">Las metaloproteinasas de la matriz extracelular (MMPs) son proteínas que tradicionalmente han sido ubicadas en el exterior celular y su función ha sido relacionada con la remodelación de la matriz extracelular en procesos tan diversos como el desarrollo embrionario, durante la reparación de daños tisulares y en patologías tumorales, en concreto en distintos tipos de cáncer sólido. Aunque diversas MMPs han sido halladas en el interior celular inclusive en compartimentos subcelulares específicos donde desempeñan funciones concretas. &#xd;
&#xd;
La metaloproteinasa de la matriz extracelular 2 (MMP-2) ha sido localizada en el interior de diversos tipos celulares como cardiomiocitos de rata y ratón, linfocitos y en distintos tipos de células tumorales. Además de la localización citoplasmática de MMP-2, esta también ha sido encontrada en mitocondrias, en membranas asociadas a la mitocondria, así como en el núcleo celular. Aunque la actividad de MMP-2 mitocondrial ha sido estudiada en cardiomiocitos bajo condiciones de isquemia y reperfusión, y su activación está directamente relacionada con el incremento del estrés oxidativo, sin embargo, el conocimiento acerca de MMP-2 nuclear es escaso.&#xd;
&#xd;
El interés por averiguar el papel de MMP-2 en el núcleo celular ha representado un reto por la complejidad que conlleva la biología del núcleo y por la inesperada localización de esta proteína. Nuestro interés por dilucidar el papel de MMP-2 en el núcleo celular, nos ha llevado a identificar que MMP-2 se encuentra enriquecida en cierta sublocalización nuclear como son los nucleolos, donde MMP-2 está relacionada con la transcripción del DNA ribosomal.</subfield>
   </datafield>
   <datafield ind1="8" ind2=" " tag="024">
      <subfield code="a">https://hdl.handle.net/10630/16494</subfield>
   </datafield>
   <datafield tag="653" ind2=" " ind1=" ">
      <subfield code="a">Células</subfield>
   </datafield>
   <datafield tag="653" ind2=" " ind1=" ">
      <subfield code="a">ADN</subfield>
   </datafield>
   <datafield ind2="0" ind1="0" tag="245">
      <subfield code="a">Del revés: metaloproteinasa de la matriz extracelular 2 y su función en el nucleolo</subfield>
   </datafield>
</record>
</metadata></record></GetRecord></OAI-PMH>